[Event "Cannes op"]
[Site "Cannes"]
[Date "1990.??.??"]
[Round "1"]
[White "Maksimovic, Suzana"]
[Black "Guichard, Yann"]
[Result "0-1"]
[WhiteElo "2280"]
[BlackElo "2010"]
[PlyCount "96"]
[EventDate "1990.02.??"]
[EventType "swiss"]
[EventRounds "9"]
[EventCountry "FRA"]
[SourceTitle "EXT 1997"]
[Source "ChessBase"]
[SourceDate "1996.11.15"]
[SourceVersion "1"]
[SourceVersionDate "1996.11.15"]
[SourceQuality "1"]

1. d4 Nf6 2. c4 c5 3. d5 e6 4. Nc3 exd5 5. cxd5 d6 6. e4 g6 7. Bd3 Bg7 8. Nge2 0-0 9. 0-0 b6 10. a4 Na6 11. h3 Nb4 12. Bb1 Ba6 13. Re1 Nd7 14. f4 c4 15. Nd4 Nc5 16. Be3 Re8 17. Nf3 Nbd3 18. Bxd3 Nxd3 19. Re2 Nxb2 20. Qc2 Nd3 21. Rf1 Qd7 22. Nd4 Rac8 23. Kh1 Kh8 24. f5 Ne5 25. g4 Rg8 26. Rg2 Rce8 27. Qf2 Bb7 28. Qh4 Nd3 29. f6 Bf8 30. Ne6 Rxe6 31. dxe6 Qxe6 32. g5 d5 33. Rg4 h5 34. gxh6 Kh7 35. Bd4 dxe4 36. Nxe4 Bc5 37. Kh2 Bxe4 38. Rxe4 Qd6+ 39. Kg2 Qd5 40. Kh2 Bd6+ 41. Kg1 Nc5 42. Re7 Rf8 43. Rxa7 Ne4 44. Be3 Ng3 45. Re1 Qh1+ 46. Kf2 Ne4+ 47. Ke2 Qg2+ 48. Bf2 Bg3 0-1